| 000 | 00645nam a22002057a 4500 | ||
|---|---|---|---|
| 005 | 20110101110939.0 | ||
| 006 | a|||||r|||||00| 0 | ||
| 007 | ta | ||
| 008 | 110101c xxu||||| |||| 00| 0 eng d | ||
| 022 | _a0973-161X | ||
| 245 |
_aegov : _bAsia's first monthly magazine on e-government / _cedited by Ravi Gupta |
||
| 260 |
_aNoida: _bRavi Gupta _c2010- |
||
| 300 |
_av. _b26 cm |
||
| 310 | _amonthly | ||
| 650 |
_ae-government _925155 |
||
| 700 |
_aGupta, Ravi (ed.) _925156 |
||
| 270 |
_aHT Media, B2, Sector-39 _bNoida _e201301 _minfo@egovonline.net |
||
| 942 |
_2ddc _cSR _s1 |
||
| 999 |
_c49669 _d49669 |
||